000 00666nam a2200217 a 4500
001 49769
003 BD-RjUL
005 20211209054728.0
008 160822s1971 Unk|| || |||| 00| 0 eng d
035 _a(BD-RjUL)49889
040 _aBD-RjUL
_beng
_cBD-RjUL
_dBD-RjUL
041 _aeng
082 _223
_a363.960954
_bBAF 1971
100 1 0 _aBanerji, D.
_9149262
245 1 0 _aFamily planning in India :
_ba critique and a perspective /
_cby D. Banerji
260 _aNew Delhi :
_bPeoples publishing house,
_cc1971
300 _axiv, 85 p. ;
_c21 cm.
650 _aBirth control
_zIndia
_9148839
650 _aFamily Planning Services
_zIndia
_9149195
942 _2ddc
_cBK
999 _c49769
_d49769